Zákon o príspevku pri narodení dieťaťa s komentárom
Zákon č. 235/1998 Z.z. o príspevku pri narodení dieťaťa, o príspevku rodičom, ktorým sa súčasne narodili tri deti alebo viac detí alebo ktorým sa v priebehu dvoch rokov opakovane narodili dvojčatá v znení ďalších zákonov a zákona č. 676/2006 Z.z. Komentár k tomuto zákonu.
Salvato in:
| Autore principale: | |
|---|---|
| Natura: | Capitolo di libro |
| Lingua: | slovacco |
| Soggetti: | |
| Tags: |
Nessun Tag, puoi essere il primo ad aggiungerne!!
|
MARC
| LEADER | 00000naa$a2200000$$$4500 | ||
|---|---|---|---|
| 001 | 0056790 | ||
| 005 | 20231116125404.9 | ||
| 041 | 0 | |a slo | |
| 044 | |a SK | ||
| 245 | 1 | 0 | |a Zákon o príspevku pri narodení dieťaťa s komentárom |c Peter Čintala |
| 520 | |a Zákon č. 235/1998 Z.z. o príspevku pri narodení dieťaťa, o príspevku rodičom, ktorým sa súčasne narodili tri deti alebo viac detí alebo ktorým sa v priebehu dvoch rokov opakovane narodili dvojčatá v znení ďalších zákonov a zákona č. 676/2006 Z.z. Komentár k tomuto zákonu. | ||
| 610 | 2 | 0 | |a príspevky sociálne |
| 610 | 2 | 0 | |a príspevok rodičovský |
| 610 | 2 | 0 | |a deti |
| 610 | 2 | 0 | |a zákony |
| 610 | 2 | 0 | |a Slovensko |
| 610 | 2 | 0 | |a komentáre |
| 610 | 2 | 0 | |a 1998-2006 |
| 100 | 1 | |a Čintala, Peter | |